000 00672nam a2200217Ia 4500
003 GCL
008 140319s9999 xx 000 0 ara d
040 _aGCL /
_cGCL
082 0 4 _aط
_b812
_bا م
100 1 _aاحمد المغربى
245 1 0 _aالرنين والدخان /
_cاحمد المغربى
700 1 _aعصام ابراهيم
260 _a[S.N] :
_bدار الفكر العربى ،
_c1991
300 _a16
490 _aمسرحيات من الادب العالمى للاطفال
_v0
650 0 4 _aالاطفال
650 0 4 _aقصص الاطفال
650 0 4 _aمسارح الاطفال
650 0 4 _aمسرح الطفل
942 _2ddc
_cBK
999 _c57990
_d57990